00345nam a2200121Ia 4500008004100000040001600041041001200057082001600069100002200085245007600107260002900183300001100212230917s9999||||xx |||||||||||||| ||und|| e50189aMAIN aEnglish a294.1 D213D aDange, Sadashiv A 0aDivine hymns and ancient thought, vol 2: ritual and the quest for truth aNew DelhibNavrangc1995 a417 p.